Potential for future natural rubber development (Record no. 51147)

MARC details
000 -LEADER
fixed length control field 00343nam a2200133Ia 4500
100 ## - MAIN ENTRY--AUTHOR NAME
Personal name Cyriac P.C.
245 #0 - TITLE STATEMENT
Title Potential for future natural rubber development
260 ## - PUBLICATION, DISTRIBUTION, ETC. (IMPRINT)
Name of publisher Rubber Board Bulletin
Year of publication 1986
300 ## - PHYSICAL DESCRIPTION
Number of Pages 19-21
650 ## - SUBJECT ADDED ENTRY--TOPICAL TERM
Topical Term Orissa
650 ## - SUBJECT ADDED ENTRY--TOPICAL TERM
Topical Term Rubber cultivation
942 ## - ADDED ENTRY ELEMENTS (KOHA)
Koha item type Bibliography STAF
Holdings
Withdrawn status Lost status Damaged status Not for loan Home library Current library Shelving location Date acquired Serial Enumeration / chronology Koha item type
      Bibliography RRII Library RRII Library Rubber general 09/04/2014 Volume 21, Issue 3 Bibliography STAF